Can It Follow No? Quiz Stats

 Plays Quiz Updated Aug 29, 2016

Score 0/15 Timer 01:00
0 Plays Today
% Correct
de
93.6%
el
93.2%
se
92.5%
te
92.2%
rm
91.2%
on
89.8%
ok
89%
sy
87.8%
% Correct
ne
86.7%
va
83.4%
sh
73.2%
un
68.9%
ir
66.8%
ck
50.9%
us
25.3%

You're not logged in!

Compare scores with friends on all Sporcle quizzes.
OR
Log In

You Might Also Like...

Show Comments

Extras

Top Quizzes Today


Score Distribution

Your Account Isn't Verified!

In order to create a playlist on Sporcle, you need to verify the email address you used during registration. Go to your Sporcle Settings to finish the process.

Report this User

Report this user for behavior that violates our Community Guidelines.

Details: